Statistics for The Football League Managers

Click here to take the quiz!

General Stats

  • This quiz has been taken 32 times
    (13 since last reset)
  • The average score is 31 of 92

Answer Stats

LeagueClubYear AppointedManager% Correct
Premier LeagueLiverpool2015Jurgen Klopp
91%
Premier LeagueArsenal2019Mikel Arteta
91%
Premier LeagueManchester City2016Pep Guardiola
91%
Premier LeagueLeicester City2019Brendan Rodgers
82%
Premier LeagueNewcastle United2021Eddie Howe
82%
Premier LeagueBrighton & Hove Albion2019Graham Potter
82%
Premier LeagueEverton2022Frank Lampard
73%
Premier LeagueFulham2021Marco Silva
73%
Premier LeagueCrystal Palace2021Patrick Vieira
73%
Premier LeagueAFC Bournemouth2021Scott Parker
73%
Premier LeagueBrentford2018Thomas Frank
73%
EFL ChampionshipSunderland2022Alex Neil
64%
Premier LeagueWest Ham United2019David Moyes
64%
Premier LeagueLeeds United2022Jesse Marsch
64%
Premier LeagueNottingham Forest2021Steve Cooper
64%
Premier LeagueAston Villa2021Steven Gerrard
64%
EFL ChampionshipBurnley2022Vincent Kompany
64%
EFL League OneSheffield Wednesday2021Darren Moore
55%
Premier LeagueManchester United2022Erik ten Hag
55%
EFL ChampionshipLuton Town2020Nathan Jones
55%
EFL ChampionshipBristol City2021Nigel Pearson
55%
EFL ChampionshipReading2022Paul Ince
55%
Premier LeagueChelsea2021Thomas Tuchel
55%
Premier LeagueTottenham Hotspur2021Antonio Conte
45%
Premier LeagueWolverhampton Wanderers2021Bruno Lage
45%
EFL ChampionshipMiddlesbrough2021Chris Wilder
45%
EFL ChampionshipNorwich City2021Dean Smith
45%
EFL ChampionshipMillwall2019Gary Rowett
45%
EFL League OneBurton Albion2021Jimmy Floyd Hasselbaink
45%
EFL League OneBristol Rovers2021Joey Barton
45%
EFL ChampionshipCoventry City2017Mark Robins
45%
EFL ChampionshipStoke City2019Michael O'Neill
45%
EFL ChampionshipSheffield United2021Paul Heckingbottom
45%
EFL ChampionshipRotherham United2016Paul Warne
45%
Premier LeagueSouthampton2018Ralph Hasenhuttl
45%
EFL ChampionshipWatford2022Rob Edwards
45%
EFL League OneWycombe Wanderers2012Gareth Ainsworth
36%
EFL League OneBolton Wanderers2020Ian Evatt
36%
EFL ChampionshipBirmingham City2022John Eustace
36%
EFL League TwoBradford City2022Mark Hughes
36%
EFL League TwoMansfield Town2020Nigel Clough
36%
EFL ChampionshipPreston North End2021Ryan Lowe
36%
EFL ChampionshipWest Bromwich Albion2022Steve Bruce
36%
EFL League OneMorecambe2022Derek Adams
27%
EFL League OnePeterborough United2022Grant McCann
27%
EFL League OneAccrington Stanley2014John Coleman
27%
EFL ChampionshipBlackburn Rovers2022Jon Dahl Tomasson
27%
EFL League OneOxford United2018Karl Robinson
27%
EFL League OneDerby County2022Liam Rosenior
27%
EFL ChampionshipBlackpool2022Michael Appleton
27%
EFL ChampionshipQueens Park Rangers2022Michael Beale
27%
EFL League TwoGillingham2022Neil Harris
27%
EFL League TwoBarrow2022Pete Wild
27%
EFL ChampionshipSwansea City2021Russell Martin
27%
EFL League OnePlymouth Argyle2021Steven Schumacher
27%
EFL League OnePortsmouth2021Danny Cowley
18%
EFL League OnePort Vale2021Darrell Clarke
18%
EFL League TwoAFC Wimbledon2022Johnnie Jackson
18%
EFL League OneIpswich Town2021Kieran McKenna
18%
EFL League OneCambridge United2020Mark Bonner
18%
EFL League OneLincoln City2022Mark Kennedy
18%
EFL League OneBarnsley2022Michael Duff
18%
EFL ChampionshipHull City2022Shota Arveladze
18%
EFL League TwoStevenage2022Steve Evans
18%
EFL ChampionshipCardiff City2021Steve Morison
18%
EFL ChampionshipHuddersfield Town2022Danny Schofield
9%
EFL League TwoStockport County2021Dave Challinor
9%
EFL League TwoDoncaster Rovers2021Gary McSheffrey
9%
EFL League TwoNorthampton Town2021Jon Brady
9%
EFL ChampionshipWigan Athletic2020Leam Richardson
9%
EFL League OneMilton Keynes Dons2021Liam Manning
9%
EFL League OneExeter City2018Matt Taylor
9%
EFL League TwoWalsall2022Michael Flynn
9%
EFL League TwoTranmere Rovers2021Micky Mellon
9%
EFL League TwoLeyton Orient2022Richie Wellens
9%
EFL League OneFleetwood Town2022Scott Brown
9%
EFL League TwoHarrogate Town2009Simon Weaver
9%
EFL League OneShrewsbury Town2020Steve Cotterill
9%
EFL League OneCheltenham Town2022Wade Elliott
9%
EFL League TwoCrewe Alexandra2022Alex Morris
0%
EFL League OneCharlton Athletic2022Ben Garner
0%
EFL League OneForest Green Rovers2022Ian Burchnall
0%
EFL League TwoNewport County2021James Rowberry
0%
EFL League TwoCrawley Town2022Kevin Betsy
0%
EFL League TwoSutton United2019Matt Gray
0%
EFL League TwoSalford City2022Neil Wood
0%
EFL League TwoHartlepool United2022Paul Hartley
0%
EFL League TwoGrimsby Town2020Paul Hurst
0%
EFL League TwoCarlisle United2022Paul Simpson
0%
EFL League TwoRochdale2021Robbie Stockdale
0%
EFL League TwoSwindon Town2022Scott Lindsey
0%
EFL League TwoColchester United2022Wayne Brown
0%

Score Distribution

Percentile by Number Answered

Percent of People with Each Score

Your Score History

You have not taken this quiz since the last reset